banner koha

Exigência de lisina digestível para poedeiras semipesadas de 50 a 66 semanas de idade (Registro n. 329441)

MARC details
000 -LÍDER
fixed length control field 04489nab a2200361 i 4500
003 - CÓDIGO MARC DA AGÊNCIA CATALOGADORA
Campo de controle BR-BrBNA
005 - DATA E HORA DA ÚLTIMA ATUALIZAÇÃO
Campo de controle 20241226135452.0
008 - CAMPO DE TAMANHO FIXO
fixed length control field 241226b2015 bl.|r|pooa||| 00| 0 por |
040 ## - FONTE DA CATALOGAÇÃO
Agência catalogadora BR-BrBNA
Idioma da catalogação por
072 ## - CATEGORIA AGRIS
Código AGRIS L51
Código do objeto 6100
072 ## - CATEGORIA AGRIS
Código AGRIS L01
100 ## - ENTRADA PRINCIPAL - NOME PESSOAL
Nome pessoal Nunes, R.V.
100 ## - ENTRADA PRINCIPAL - NOME PESSOAL
Nome pessoal Schneider, S.E.
100 ## - ENTRADA PRINCIPAL - NOME PESSOAL
Nome pessoal Souza, C.
100 ## - ENTRADA PRINCIPAL - NOME PESSOAL
Nome pessoal Sanga, l C.P.
100 ## - ENTRADA PRINCIPAL - NOME PESSOAL
Nome pessoal Polese, C.
100 ## - ENTRADA PRINCIPAL - NOME PESSOAL
Nome pessoal Bueno, R.S.
100 ## - ENTRADA PRINCIPAL - NOME PESSOAL
Nome pessoal Vieites, F.M.
245 ## - TÍTULO PRINCIPAL
Título principal Exigência de lisina digestível para poedeiras semipesadas de 50 a 66 semanas de idade
500 ## - NOTA GERAL
Nota geral Publicação online; 29 ref.; 3 tables; Summaries (En, Pt)
942 ## - ADDED ENTRY ELEMENTS (KOHA)
Koha item type Analítica
520 ## - NOTA DE RESUMO
Nota de conteúdo <br/><br/>RESUMO - Com o objetivo de determinar a exigência de lisina digestível para poedeiras semipesadas no período de 50 a 66 semanas de idade, foi realizado experimento utilizando-se 150 poedeiras Shaver Brown, distribuídas em delineamento inteiramente ao acaso, com cinco tratamentos (níveis de lisina digestível: 0,79; 0,82; 0,85; 0,88 e 0,91%), seis repetições e cinco aves por unidade experimental. Foram avaliados a produção de ovos, peso médio e a massa de ovos, consumo de ração e de lisina, conversão alimentar por massa e por dúzia de ovos, gravidade específica, unidade Haugh, o índice de gema e albúmen, porcentagem de albúmen, gema e casca. O consumo de ração, a conversão alimentar por massa e dúzia de ovos, a produção, o peso e a massa de ovos não foram influenciados (P>0,05) pelos níveis de lisina digestível. Houve aumento linear no consumo de lisina (P<0,01) com o incremento dos níveis desse aminoácido nas rações. As porcentagens de albúmen, gema e casca não foram influenciadas (P>0,05) pelos níveis de lisina digestível estudados. Os níveis de lisina influenciaram de forma quadrática (P>0,05) a unidade Haugh e o índice de albúmen, sendo estimados os níveis de 0,884 e 0,868% de lisina digestível, respectivamente. Para o índice de gema, a associação do modelo quadrático ao Linear Response Plateau (LRP) estimou o nível de 0,903% de lisina digestível. Quando o objetivo é maximizar a qualidade interna dos ovos, recomenda-se o nível dietético de 0,884%, 0,868% e 0,903% de lisina digestível para unidade Haugh, índice de albúmen e índice de gema, respectivamente.<br/><br/><br/>Palavras-chave: aminoácido, Shaver Brown, produção de ovo, qualidade de ovo
520 ## - NOTA DE RESUMO
Nota de conteúdo <br/><br/>ABSTRACT - With the objective of determining the requirement of digestible lysine for brown-egg laying hens in the period from 50 to 66 weeks of age, an experiment was carried out using 150 Shaver Brown laying hens, distributed in a completely randomized design, with five treatments (digestible lysine levels: 0.79, 0.82, 0.85, 0.88 and 0.91%), six replications and five birds per experimental unit. The production of eggs, weight and the egg mass, feed intake and lysine, feed mass and dozen eggs, specific gravity, Haugh unit, yolk and albumen index, percentage of albumen, yolk and bark were analyzed. Feed intake, feed conversion per dozen of eggs s and per egg mass, egg production, egg weight and egg mass were not influenced (P>0.05) by digestible lysine levels. There was a linear increase in lysine intake (P<0.01) with increasing levels of this amino acid in the diets. The albumen, yolk and shell percentages were not influenced (P>0.05) by studied digestible lysine levels. Lysine levels had a quadratic effect (P>0.05) Haugh unit and albumen index being estimated as 0.884 and 0.868% digestible lysine levels, respectively. For yolk index, the association of the quadratic model to Linear Response Plateau (LRP) estimated the level of 0.903% digestible lysine. When the aim is to maximize the internal egg quality, a dietary level of 0.884%, 0.868% and 0.903% digestible lysine for Haugh unit, albumen index and yolk index, respectively is recommended.<br/><br/><br/>Keywords: amino acid, Shaver Brown, egg production, egg quality
650 ## - ASSUNTO - THESAGRO
Cabeçalho tópico ou nome geográfico GALINHA PARA POSTURA
650 ## - ASSUNTO - THESAGRO
Cabeçalho tópico ou nome geográfico RAÇÃO
650 ## - ASSUNTO - THESAGRO
Cabeçalho tópico ou nome geográfico AMINOÁCIDO
650 ## - ASSUNTO - THESAGRO
Cabeçalho tópico ou nome geográfico CONVERSÃO ALIMENTAR
650 ## - ASSUNTO - THESAGRO
Cabeçalho tópico ou nome geográfico OVO
650 ## - ASSUNTO - THESAGRO
Cabeçalho tópico ou nome geográfico QUALIDADE
773 0# - ENTRADA ANALÍTICA
Host Biblionumber 1643
Registro do item 315898
Imprenta Belo Horizonte-MG Universidade Federal de Minas Gerais - Escola de Veterinaria 1983
Outro identificador 2024-2263
Título Arquivo Brasileiro de Medicina Veterinária e Zootecnia (Brazil)
ISSN 0102-0935
Colação v. 67(6) p. 1675-1683; (2015)
Número de controle de registro BR2024004261
856 ## - ACESSO E ENDEREÇO ELETRÔNICO
Identificador uniforme de recurso - URI https://www.scielo.br/j/abmvz/a/GZgd8r4TKDtcgTWHJCX3t9R/?format=pdf&lang=pt

Nenhum exemplar disponível.

BINAGRI

Telefone: (61)3218-2567/2388/3357/2097 - binagri@agro.gov.br

Ministério da Agricultura e Pecuária , Esplanada dos Ministérios, Bloco D, Anexo B, Brasília/DF, CEP: 70.043-900